Die Rohstoffwirtschaft der Erde, (Record no. 9189)
[ view plain ]
| 000 -LEADER | |
|---|---|
| fixed length control field | 00599cam a22002051 4500 |
| 001 - CONTROL NUMBER | |
| control field | agr28000908 |
| 003 - CONTROL NUMBER IDENTIFIER | |
| control field | DLC |
| 005 - DATE AND TIME OF LATEST TRANSACTION | |
| control field | 20260227110948.0 |
| 008 - FIXED-LENGTH DATA ELEMENTS--GENERAL INFORMATION | |
| fixed length control field | 850610s1928 gw 000 0 ger c |
| 010 ## - LIBRARY OF CONGRESS CONTROL NUMBER | |
| LC control number | agr28000908 |
| 035 ## - SYSTEM CONTROL NUMBER | |
| System control number | (OCoLC)12139650 |
| 040 ## - CATALOGING SOURCE | |
| Original cataloging agency | Library, U.S. Dept. of Agriculture |
| Transcribing agency | KyU |
| Modifying agency | KyU |
| -- | DLC |
| 042 ## - AUTHENTICATION CODE | |
| Authentication code | premarc |
| 050 00 - LIBRARY OF CONGRESS CALL NUMBER | |
| Classification number | HF1041 |
| Item number | .R45 |
| 100 1# - MAIN ENTRY--PERSONAL NAME | |
| Personal name | Reichwein, Adolf, |
| Dates associated with a name | 1898-1944. |
| 245 14 - TITLE STATEMENT | |
| Title | Die Rohstoffwirtschaft der Erde, |
| Statement of responsibility, etc. | von Dr. Adolf Reichwein ... |
| 260 ## - PUBLICATION, DISTRIBUTION, ETC. | |
| Place of publication, distribution, etc. | Jena, |
| Name of publisher, distributor, etc. | G. Fischer, |
| Date of publication, distribution, etc. | 1928. |
| 300 ## - PHYSICAL DESCRIPTION | |
| Extent | xi, 639, [1] p. |
| Dimensions | 25 cm. |
| 650 #0 - SUBJECT ADDED ENTRY--TOPICAL TERM | |
| Topical term or geographic name entry element | Commercial products. |
No items available.